00758cam a2200205Ia 4500020001500000040000800015041000800023082002600031100001800057245010200075250001500177260004800192300003400240500006300274650001900337700001800356942001000374999001700384952015100401 a3823611690 cGZM1 hger aCTA THE 1991 C077 Or.1 aRehm, Sigmund14aThe cultivated plants of the tropics and subtropics :bcultivation, economic value, utilization / aEnglish ed aWeikersheim, West Germany :bMargraf,c1991 aviii, 552 p. :bill. ;c21 cm aTranslation of Die Kulturpflanzen der Tropen und Subtropen 0aTropical crops1 aEspig, Gustav cAEDBB c21362d21362 0010406CTA_THE_1991_000000000000000_C077_OR70993318aLBCbLBCcC077d2023-05-24oCTA THE 1991 C077 Or.pa071214r2023-05-24w2023-05-24yAEDBB